MARC

LEADER 00000nam0a2200000 4500
001 338015
005 20231102005016.0
035 |a (RuTPU)RU\TPU\book\364503 
090 |a 338015 
100 |a 20171116d1967 k y0rusy50 ca 
101 1 |a rus  |c eng 
102 |a RU 
105 |a a z 001zy 
200 1 |a Устойчивость нелинейных систем автоматического управления  |e [монография]  |e пер. с англ.  |f С. Лефшец 
210 |a Москва  |c Мир  |d 1967 
215 |a 183 с.  |c ил. 
320 |a Библиогр.: с. 176-179 
320 |a Предметный указатель: с. 180 
510 1 |a Stability of nonlinear control systems  |z eng 
606 1 |a Автоматические системы управления  |x Нелинейные  |x Устойчивость  |2 stltpush  |3 (RuTPU)RU\TPU\subj\891  |9 29697 
610 1 |a системы первого порядка 
610 1 |a системы второго порядка 
610 1 |a системы непрямого управления 
610 1 |a линеризация 
610 1 |a обратная связь 
610 1 |a высшие порядки 
610 1 |a нелинейности 
610 1 |a теорема Попова 
610 1 |a дифференциальные уравнения 
610 1 |a теория управления 
610 1 |a монографии 
675 |a 681.511.4.03  |v 4 
700 1 |a Лефшец  |b С. 
801 1 |a RU  |b 63413507  |c 20171116 
801 2 |a RU  |b 63413507  |c 20220511  |g RCR 
942 |c BK